00328 a2200097 4500001001000000005001700010008004100027245009100068100002800159773004300187ART_1093920260410161624.0260409a 10aAplicación de las normas de la Resolución Técnica Nº 22 a la actividad ganadera1 aTorres, Carlos Federico0 tEnfoquesg- Nº 10 (oct. 2012)wREV416